000 00568nam a2200193 i 4500
001 99158
003 ES-MaACL
005 20230906182442.0
007 t|
008 050902s1982 sp ||||1| spa d
100 1 _aMartín, José Luis.
_977322
245 1 0 _aCastellano y libre
_b: mito y realidad /
_cJosé Luis Martín.
260 _aValladolid :
_bAmbito,
_c1982.
300 _a123 p. ;
_c18 cm.
490 1 _aAmbito Castilla y León ;
_v4
830 0 _aAmbito Castilla y León ;
_v4
_9185397
852 _aES-MaACL
_jL-2936
_bR.103882
999 _c99158
_d99158